Catalogue of the Armenian Library in Elisabethopolis
Elmentve itt :
| Dokumentumtípus: | Könyv |
|---|---|
| Megjelent: |
2011
|
| Sorozat: | Armenian Cultural Heritage in the Carpathian Basin
1 |
| Online Access: | http://misc.bibl.u-szeged.hu/29025 |
| LEADER | 00509nam a2200145 i 4500 | ||
|---|---|---|---|
| 001 | misc29025 | ||
| 005 | 20191121111212.0 | ||
| 008 | 180103s2011 hu o 0|| zxx d | ||
| 020 | |a 978-963-89456-1-7 | ||
| 040 | |a SZTE Miscellanea Repozitórium |b hun | ||
| 041 | |a zxx | ||
| 245 | 0 | 0 | |a Catalogue of the Armenian Library in Elisabethopolis |h [elektronikus dokumentum] |
| 260 | |c 2011 | ||
| 490 | 0 | |a Armenian Cultural Heritage in the Carpathian Basin |v 1 | |
| 856 | 4 | 0 | |u http://misc.bibl.u-szeged.hu/29025/1/el_pol.pdf |z Dokumentum-elérés |